000 00534nam a2200169 a 4500
001 000001776
005 20200929145709.0
008 090629s2005 es ac 001 0 spa d
020 _a8408059408
040 _aDO-SdBNP
100 1 _aAznar López, José María
_95776
245 1 0 _aRetratos y perfiles :
_bde Fraga a Bush /
_cJosé María Aznar López.
260 _aBarcelona :
_bPlaneta,
_c2005.
300 _a400 p. :
_bil., retrs. ;
_c24 cm.
500 _aIncluye índice
500 _aIncluye datos biográficos del autor en la solapa
999 _c1653
_d1653